[Event "RUS-chT Blitz Men 2018"]
[Site "Sochi"]
[Date "2018.10.10"]
[Round "10"]
[White "Ivlev, Aleksey"]
[Black "Diakonova, Ekaterina"]
[Result "1-0"]
[WhiteElo "2326"]
[BlackElo "2236"]
[Annotator "TA"]
[PlyCount "153"]
[EventDate "2018.10.10"]
[EventType "swiss"]
[EventCountry "RUS"]
[SourceTitle "playchess.com"]
[Source "ChessBase"]
[SourceQuality "1"]

{[%evp 14,153,2,8,69,52,159,0,0,0,0,0,0,0,0,0,0,0,2,0,36,-24,-18,-37,-22,-37,0,-91,-54,-54,238,253,243,243,243,241,254,254,253,227,242,191,191,191,191,191,254,191,283,283,380,380,380,380,380,343,283,283,283,283,375,375,1071,1079,1071,1071,1071,1071,1071,523,944,846,1829,1489,1850,1806,1883,1800,1748,1651,1543,0,850,0,1462,1419,29972,29973,29973,29974,29974,29975,29975,29974,29974,0,29971,29970,29970,29971,29970,29967,29961,29963,29970,29971,29974,29975,29975,29976,29981,29982,29978,29972,29972,29973,29973,29974,29979,29977,29977,29975,29974,29973,29978,29979,29979,29979,29980,29980,29980,29981,29983,29983,29986,29983,29984,29985,29985,29986,29986,29987]} 1. d4 Nf6 2. c4 c5 3. d5 b5 4. Qc2 b4 (4... bxc4 5. e4 e6 6. Nc3 exd5 7. e5 Bb7 8. exf6 Qxf6 9. Nh3 Be7 10. Be2 d4 11. O-O d3 12. Bxd3 cxd3 13. Qxd3 {½-½ (62) Matlakov,M (2707)-Kanmazalp,O (2473) Batumi 2018}) 5. e4 d6 6. Bd3 {A57: Benko/Volga Gambit} g6 7. f4 Bg7 8. Nf3 {LiveBook: 6 Games. The position is equal.} Nfd7 $146 (8... O-O $11) ({Predecessor:} 8... O-O 9. O-O Nbd7 10. Qe2 e6 11. dxe6 fxe6 12. Ng5 {½-½ (33) Moskalenko,V (2509)-Demuth,A (2551) Barcelona 2018}) 9. O-O $14 e5 {[#]} (9... a5 $14) 10. fxe5 $2 (10. dxe6 $1 $16 {And now e5 would win.} fxe6 11. e5) 10... Nxe5 $11 11. Nxe5 Bxe5 12. Nd2 Bg4 13. Nf3 Bxf3 14. gxf3 Bd4+ 15. Kh1 O-O 16. f4 Qh4 17. Bd2 (17. Qg2 $14) 17... Nd7 18. Be1 Qh3 19. Bg3 Nf6 20. Rab1 (20. Be2 $11 {remains equal.}) 20... Rae8 21. Qe2 Nxe4 $2 {[%mdl 8192]} (21... Nh5 $15 {stays ahead.} 22. Rf3 f5) 22. Bxe4 $18 f5 23. Qg2 Qxg2+ 24. Bxg2 Re2 25. Rfe1 Rfe8 26. Bf3 Rxe1+ 27. Rxe1 Rxe1+ 28. Bxe1 Bxb2 29. Kg2 Bc1 (29... Bf6 {keeps fighting.} 30. Bd1 Kf7) 30. Kg3 a5 (30... Bb2 {was called for.} 31. Bd1 Kf8) 31. Bd1 Kf7 32. Kf3 Kf6 33. Bh4+ Kf7 34. Ba4 h6 35. Bg3 Bb2 36. h4 Bc1 {[#]} 37. h5 $1 Bb2 $2 (37... gxh5 38. Bh4 Bb2) 38. hxg6+ Kxg6 39. Be8+ Kg7 40. Bh4 Kf8 41. Bd7 Kf7 42. Bxf5 a4 43. Bc2 b3 44. axb3 a3 45. Bb1 h5 46. Ke4 Kg6 47. Kf3+ Kf7 48. Ke4 Kg6 $1 49. Be7 h4 50. Bxh4 Kf7 51. Kf5 Bc3 52. Kg4 Bb2 53. Kf3 Bc3 54. Ke4 $2 (54. f5 {mates} Kf8 55. Ke4 Ke8 56. f6 Be5 57. Kf5 Kf7 58. Bg5 Bh2 59. Bc1) 54... Ba5 $2 {[%mdl 8192]} (54... Bb2 $11 55. Be1 Ke7) 55. Bf2 {White mates.} Bb4 56. Be3 Ba5 57. Bc1 Bb4 58. f5 Kf6 59. Bf4 Ke7 60. Bg5+ Kf7 61. f6 Ba5 62. Kf5 Bd8 63. Bc1 Bxf6 64. Bxa3 Bc3 65. Bc1 Bb4 66. Bf4 Ke7 67. Kg6 Bc3 68. Bg5+ Kd7 69. Kf7 Be5 70. Bf5+ Kc7 71. Ke6 Bg3 72. Bd2 Be5 73. b4 cxb4 74. Bxb4 Bh2 75. Ba5+ Kb7 76. Kd7 Ka6 77. Bc7 {Precision: White = 76%, Black = 39%.} 1-0

[Event "RUS-chT Blitz Men 2018"]
[Site "Sochi"]
[Date "2018.10.10"]
[Round "10"]
[White "Rozhko, Dmitry"]
[Black "Sychev, Klementy"]
[Result "0-1"]
[WhiteElo "2305"]
[BlackElo "2534"]
[Annotator "TA"]
[PlyCount "92"]
[EventDate "2018.10.10"]
[EventType "swiss"]
[EventCountry "RUS"]
[SourceTitle "playchess.com"]
[Source "ChessBase"]
[SourceQuality "1"]

{[%evp 15,91,0,24,27,29,16,25,20,44,-6,0,-10,0,2,-2,-42,-45,-64,-60,-110,-120,-152,-156,-176,-107,-106,-105,-106,-106,-201,-197,-197,-184,-185,-184,-202,-207,-208,-117,-93,-35,-76,-74,-72,-76,-76,-71,-72,-72,-78,-86,-87,-18,-384,-384,-307,-113,-379,-358,-365,0,-284,0,-353,-340,-397,-218,-218,-208,-1272,-337,-1280,-1229,-1283,-1219,-991,-841,-29999]} 1. d4 Nf6 2. Nf3 g6 3. Bg5 Bg7 4. Nbd2 d5 5. e3 O-O 6. Be2 Nbd7 7. O-O Re8 8. c4 c5 9. Rc1 {D03: 1 d4 d5 2 Nf3 Nf6 3 Bg5, including Torre Attack with early ...d5} (9. cxd5 cxd4 10. e4 h6 11. Bh4 Nc5 12. Qc2 Ncxe4 13. Nxe4 Nxe4 14. Bb5 Bf5 15. Bxe8 Qxe8 16. Rfe1 Qd7 17. Rxe4 Qxd5 {0-1 (31) Artemiev,V (2658)-Mamedyarov,S (2762) Novi Sad 2016 CBM 176 [Krasenkow,M]}) 9... cxd4 10. exd4 Nf8 $146 ({Predecessor:} 10... e5 11. dxe5 Nxe5 12. Nxe5 Rxe5 13. Nf3 Re8 14. cxd5 Qxd5 15. Qxd5 Nxd5 16. Bb5 Re4 {0-1 (35) Fanning,S (1591)-Rojas,C (1274) IECG email 2001}) 11. Qb3 {White has an edge.} Ne6 12. Bxf6 Bxf6 13. cxd5 Nxd4 14. Nxd4 Bxd4 15. Bf3 Qb6 16. Qxb6 axb6 17. Rc2 Rxa2 18. Rfc1 Bf5 19. Be4 Rxb2 (19... Rd8 $19 20. Bxf5 gxf5) 20. Bxf5 $17 gxf5 21. Rxb2 Bxb2 $19 {[%mdl 4096] Endgame KRB-KRN} 22. Rb1 {[#]} (22. Rc7 $17 {might work better.}) 22... Bd4 $1 23. Nc4 Rc8 24. Ne3 e6 25. dxe6 fxe6 26. Rd1 Bxe3 (26... Rd8 $19 {Hoping for ...f4.} 27. Kf1 Kf7) 27. fxe3 {KR-KR} Rc3 ({Black should play} 27... b5 $17 {And now ...b4 would win.} 28. Rd6 Kf7 29. Rd7+ Kg6 30. Rxb7 Rc5) 28. Kf2 b5 29. Rd8+ Kg7 30. Rd7+ Kg6 31. Rxb7 Rc5 32. Kf3 h5 33. h4 Rc4 (33... Re5 $17) 34. g3 $2 {[%mdl 8192]} (34. Rxb5 $11 {and White has nothing to worry.} Rxh4 35. Rb8) 34... b4 35. Ke2 Re4 $2 (35... Kf6 $19 36. Kf3 Ke5) 36. Kf3 $2 {[%mdl 8192]} (36. Rb6 $17) 36... Rg4 37. Re7 Re4 38. Rb7 {[#]} Rc4 $2 ({Black should try} 38... Kf6 $1 $19 {aiming for ...Ke5.} 39. Ke2 Ke5) 39. Re7 $2 {[%mdl 8192]} (39. Ke2 $11 {and White is okay.}) 39... Kf6 40. Rh7 b3 (40... Ke5 $142 41. Rd7 Rc1) 41. Rb7 Rc3 42. Kf4 $2 (42. Rb6) 42... e5+ {[%cal Be6e5,Be5e4][%mdl 32]} 43. Kf3 Ke6 44. Rb6+ Kd5 45. Ke2 Rc2+ 46. Kd3 e4# {Precision: White = 30%, Black = 49%.} 0-1

[Event "RUS-chT Blitz Men 2018"]
[Site "Sochi"]
[Date "2018.10.10"]
[Round "10"]
[White "Jary, Sergey"]
[Black "Kobalia, Mikhail"]
[Result "0-1"]
[WhiteElo "2286"]
[BlackElo "2620"]
[Annotator "TA"]
[PlyCount "168"]
[EventDate "2018.10.10"]
[EventType "swiss"]
[EventCountry "RUS"]
[SourceTitle "playchess.com"]
[Source "ChessBase"]
[SourceQuality "1"]

{[%evp 13,168,18,43,-16,35,-22,-12,-13,-15,-15,0,-25,0,-22,-25,-45,18,3,133,1,32,-223,87,0,99,-206,-219,-201,-203,-200,-177,-177,-177,-177,-193,-177,-177,-203,-216,-200,-82,-80,-82,-82,-77,-77,-77,-74,-52,-42,-44,-42,-45,-49,-41,-56,-51,-63,0,-196,-22,-222,-222,-222,-222,-222,-222,-244,-222,-230,-196,-332,-329,-319,-185,-185,-185,-185,-181,-181,-181,-182,-158,-132,-122,-130,-12,-28,-28,-89,-89,-89,-89,-89,-89,-89,-89,-89,-55,-153,-153,-559,-89,-89,-89,-89,-89,-89,-89,-89,-89,-89,-89,-89,-89,-89,-89,-89,-89,-89,-89,-89,-89,-89,-89,-89,-89,-89,-8,-89,-89,-89,0,-8,-8,-29959,-1207,-29945,-29959,-29967,-29966,-29966,-29970,-29974,-29975,-29968,-29976,-29977,-29978,-29978,-29979,-29978,-29979,-29981,-29982,-29985,-29985]} 1. d4 f5 2. g3 Nf6 3. Bg2 g6 4. c4 Bg7 5. Nf3 O-O 6. O-O d6 7. Nc3 Nc6 {LiveBook: 1452 Games} 8. Nd5 {A89: Dutch Defence: Leningrad System: 5 Nf3 0-0 6 0-0 d6 7 Nc3 Nc6} (8. d5 $14 Na5 9. Qd3) (8. d5 Ne5 9. Nxe5 dxe5 10. e4 f4 11. gxf4 exf4 12. Bxf4 Nxe4 13. Bg3 Nxg3 14. hxg3 e6 15. Rc1 exd5 16. cxd5 Kh8 17. Nb5 c6 18. dxc6 bxc6 19. Qxd8 Rxd8 20. Rfd1 {1-0 (79) Yu,Y (2759)-Xu,X (2581) Hangzhou 2018}) 8... e5 (8... Ne4 $11) 9. Nxf6+ (9. Bg5 $14) 9... Qxf6 $146 ({Predecessor:} 9... Bxf6 10. d5 Ne7 11. Bh6 Bg7 12. Qd2 f4 13. Bxg7 Kxg7 14. e3 fxg3 15. fxg3 h6 {0-1 (54) Fordan,T (2225)-Hajdu,B (2110) Hungary 1997}) 10. d5 {The position is equal.} Ne7 11. e4 h6 12. exf5 gxf5 13. Nh4 f4 14. Qh5 Nf5 (14... Qg5 $15 15. Qd1 Rb8) 15. Ng6 Re8 (15... Rf7 $11 {remains equal.}) 16. gxf4 ({White must play} 16. Nxf4 $1 $16 Bd7 17. Ne6) 16... e4 17. Bh3 $2 {[%mdl 8192]} (17. Nh4 $1 $14 {keeps the upper hand.} Qf7 18. Qxf7+ Kxf7 19. Nxf5 Bxf5 20. Bd2) 17... Bd7 $2 (17... Kh7 $1 $19 18. Bxf5 (18. Ne5 $2 Rf8 $19) 18... Qxf5 19. Qxf5 Bxf5) 18. Be3 ({Better is} 18. Kh1 $16) 18... Kh7 (18... Qf7 $11 19. Kh1 Nxe3 20. Bxd7 Nxf1 21. Bxe8 Rxe8 22. Rxf1 Kh7) 19. Bxf5 $4 {[%mdl 8192]} (19. Nh4 $1 $16 {[%cal Rh4f5] is forced if you want to stay better.} Nxe3 20. Bxd7 Nxf1 21. Bxe8) 19... Qxf5 $19 20. Qxf5 Bxf5 21. Nh4 Bg4 22. h3 Bxh3 23. Rfe1 Bf6 24. Kh2 Bg4 $1 (24... Bxh4 25. Kxh3 Bf6 26. Rg1 $11) 25. Rg1 Rg8 26. Ng2 Bf3 (26... Be2 $19 {has better winning chances.} 27. f5 Rg4) 27. Ne1 $17 Rxg1 (27... Bxb2 28. Rxg8 Rxg8 29. Rb1 $16) 28. Kxg1 Be2 ({Worse is} 28... Bxb2 29. Rb1 $16) 29. Rc1 Rg8+ ({Not} 29... Bxb2 $2 30. Rc2 $18) 30. Kh2 b6 $36 {[%mdl 2048] Black fights for an advantage.} 31. b4 Rd8 32. Rc2 Bg4 33. Rc1 Kg6 34. Nc2 Kf5 35. Rg1 h5 (35... Rf8 $15) 36. Bd4 $2 (36. Bd2 $11 {and White stays safe.}) 36... Rf8 $2 (36... Bxd4 $19 37. Nxd4+ Kxf4) 37. Kg3 $2 (37. Bxf6 $11 {and White is okay.} Rxf6 38. Kg3) 37... h4+ $19 38. Kh2 {[#] Threatens to win with Ne3+.} Bxd4 $1 ({Resist} 38... Kxf4 39. Be3+ Kf5 40. Nd4+ Bxd4 41. Bxd4) 39. Nxd4+ Kxf4 {[%mdl 4096] Endgame KRB-KRN} 40. Re1 Rf7 41. Re3 Bf3 42. Nxf3 (42. Ra3 $142) 42... exf3 {KR-KR} 43. Rd3 Rg7 (43... Re7 $142 44. b5 Re4) 44. Rd4+ Ke5 45. Rxh4 Rg2+ 46. Kh3 Rxf2 47. Kg3 Rxa2 {Hoping for ...f2.} 48. Kxf3 Ra3+ 49. Ke2 b5 (49... Rb3 $17 50. b5 Rc3) 50. cxb5 Kxd5 51. Kd2 (51. Rh7 $11) 51... a6 $17 52. bxa6 Rxa6 53. Kc3 Ra3+ 54. Kb2 Re3 55. Rh7 c6 56. Kc2 {[#]} ({White should try} 56. Rc7 $15) 56... Kc4 $1 {[%cal Rc4b4]} 57. Rc7 $2 (57. Rb7 $17 {nothing else works.}) 57... Kb5 $2 (57... Rc3+ $19 {is more deadly.} 58. Kd2 Kxb4) 58. Rb7+ Ka6 59. Rb8 Re5 60. Kc3 Re7 61. Rd8 d5 62. Rb8 Re4 63. Kb3 Ka7 64. Rh8 Kb6 65. Rb8+ Kc7 66. Rh8 Re3+ 67. Ka4 Re1 68. Kb3 Rf1 69. Kc3 Rf3+ 70. Kc2 Kd6 ({Black should play} 70... Rf4 $17 71. Kb3 Rg4 72. Rh7+ Kb6) 71. Rh5 (71. Rh6+ $11 {keeps the balance.} Kc7 72. Rh8) 71... Re3 72. Kb2 d4 (72... Re5 $17 73. Rh8 Re4 74. Rh6+ Kc7) 73. b5 c5 {[%cal Bc6c5,Bc5c4][%mdl 32] And now ...c4 would win.} 74. Rh6+ $2 {[%mdl 8192]} (74. b6 $11) 74... Kd5 75. b6 c4 {Black mates.} 76. Kc2 Rb3 77. Rh5+ Kc6 78. Rh6+ Kc5 79. Rh5+ Kxb6 80. Rd5 d3+ {[%cal Bd4d3,Bd3d2][%mdl 32]} 81. Kd2 Kc6 82. Rd8 Rb2+ 83. Kc3 Rc2+ 84. Kb4 d2 {Precision: White = 39%, Black = 45%.} 0-1

[Event "RUS-chT Blitz Men 2018"]
[Site "Sochi"]
[Date "2018.10.10"]
[Round "10"]
[White "Uzhva, Andrey"]
[Black "Ivanova, Karina"]
[Result "1/2-1/2"]
[WhiteElo "2270"]
[BlackElo "2124"]
[Annotator "TA"]
[PlyCount "114"]
[EventDate "2018.10.10"]
[EventType "swiss"]
[EventCountry "RUS"]
[SourceTitle "playchess.com"]
[Source "ChessBase"]
[SourceQuality "1"]

{[%evp 25,114,21,64,32,58,29,41,27,33,36,31,0,26,-10,-9,-4,-1,-25,-15,-20,-20,-20,-16,-32,-39,-26,-25,-81,-63,-44,-9,-13,-2,-6,-6,-6,0,-117,-129,-123,-122,-121,-118,-125,-96,-128,-122,-168,-168,-151,-131,-188,-188,-195,-195,-195,-194,-187,-180,-180,-180,-251,-279,-285,-277,-268,-264,-212,-187,-156,-156,-358,-234,-578,-563,-1625,-1251,-5418,-4133,-2385,-1872,-29968,-29967,-29978,-29979,-29979,-29979,-29989,-29985,-29991,-29992]} 1. Nf3 Nf6 2. g3 b6 3. Bg2 Bb7 4. O-O c5 5. c4 e6 6. b3 Be7 7. Bb2 O-O 8. d4 cxd4 9. Nxd4 Bxg2 10. Kxg2 a6 11. Nc3 Qc7 12. e4 d6 {A30: Englische Eröffnung (Symmetrische Variante)} 13. Qe2 Nbd7 {LiveBook: 12 Partien} 14. Rfd1 Rfd8 {Weiß steht etwas besser.} (14... Qb7 15. f3 Rfe8 16. Rd2 {0-1 (47) Dao,T (2510)-Kraai,J (2502) Beijing 2008}) 15. Rac1 Rac8 16. f3 Qb7 17. Ba3 $146 ({Vorgänger:} 17. Nc2 Nc5 18. Ne3 Ra8 19. b4 Ncd7 20. a3 Rac8 21. Nb1 Rc7 22. Nd2 {½-½ (22) Henk,M (2013)-Vasiljev,J (2086) Niederrhein 2005}) 17... Ne5 18. Bb2 Nc6 19. Qf2 Nxd4 20. Qxd4 b5 21. Ne2 (21. cxb5 {looks sharper.} axb5 22. a3 Rb8 23. b4 Rdc8 24. Ne2) 21... bxc4 22. Rxc4 Rxc4 23. Qxc4 d5 24. exd5 Nxd5 {[%cal Bf6d5,Bd5b4,Bb4d3][%mdl 32] [#] Weiss muss nun ...Se3+ beachten.} 25. Rd3 h6 26. Qg4 (26. Nc3 $11 {bleibt in der Remisbreite.}) 26... Bf8 27. Qe4 Qc7 {...Dc2 ist eine echte Drohung.} (27... a5 {feels hotter.} 28. Bd4 Qa6 29. Rd2 a4 30. bxa4 Qxa4 31. Rc2 Qd7) 28. Nc3 Nb4 29. Rxd8 Qxd8 30. Qe2 Qd3 31. a3 (31. Kf1 $11) 31... Qxe2+ $17 32. Nxe2 {[%mdl 4096] Endspiel KLS-KLS} Nd3 33. Bc3 Bxa3 34. f4 Bb4 35. Bd4 g6 36. Kf3 Nc5 37. Nc1 f5 38. Bxc5 (38. Bb2 $17) 38... Bxc5 {KL-KS} 39. Nd3 Bd6 40. Ke3 Kf8 41. Kd4 Ke7 42. Kc4 Kd7 43. b4 (43. h3 {war nötig.}) 43... Kc6 $19 44. Ne1 e5 45. fxe5 Bxe5 46. Nf3 Bf6 47. Nd2 h5 {[%cal Bh6h5,Bh5g4][%mdl 32]} 48. Nf3 $2 {[#]} (48. Nb3 $17) 48... Kd6 49. Ng1 $2 (49. Ne1 {ist zäher.}) 49... g5 50. h3 g4 51. hxg4 hxg4 52. Ne2 Be5 53. b5 axb5+ {Schwarz setzt Matt.} 54. Kxb5 Kd5 55. Kb4 Ke4 56. Nd4 f4 57. Nf3 gxf3 {[%mdl 32768] Precision: Weiß = 21%, Schwarz = 70%. . An unexpected result.} 1/2-1/2

[Event "RUS-chT Blitz Men 2018"]
[Site "Sochi"]
[Date "2018.10.10"]
[Round "10"]
[White "Kozak, Alexander"]
[Black "Afanasiev, Nikita"]
[Result "0-1"]
[WhiteElo "2262"]
[BlackElo "2487"]
[Annotator "ChessBase"]
[PlyCount "74"]
[EventDate "2018.10.10"]
[EventType "swiss"]
[EventCountry "RUS"]
[SourceTitle "playchess.com"]
[Source "ChessBase"]
[SourceQuality "1"]
[TimeControl "180+2"]

1. e4 {[%emt 0:00:00]} g6 {[%emt 0:00:00]} 2. d4 {[%emt 0:00:00]} Bg7 {[%emt 0:00:00]} 3. c3 {[%emt 0:00:01]} d6 {[%emt 0:00:01]} 4. f4 {[%emt 0:00:01]} e5 {[%emt 0:00:04]} 5. Nf3 {[%emt 0:00:01]} Nd7 {[%emt 0:00:04]} 6. Bd3 {[%emt 0:00:03]} Ngf6 {[%emt 0:00:03]} 7. O-O {[%emt 0:00:02]} O-O {[%emt 0:00:03]} 8. fxe5 {[%emt 0:00:25]} dxe5 {[%emt 0:00:01]} 9. Nbd2 {[%emt 0:00:18]} exd4 {[%emt 0:00:09]} 10. cxd4 {[%emt 0:00:01]} c5 {[%emt 0:00:00]} 11. d5 {[%emt 0:00:47]} Ng4 {[%emt 0:00:02]} 12. Nc4 {[%emt 0:00:01]} b5 {[%emt 0:00:03]} 13. Ne3 {[%emt 0:00:02]} Nxe3 {[%emt 0:00:23]} 14. Bxe3 {[%emt 0:00:01]} c4 {[%emt 0:00:01]} 15. Bc2 {[%emt 0:00:13]} Qe7 {[%emt 0:00:17]} 16. Bd4 {[%emt 0:00:06]} Ne5 {[%emt 0:00:11]} 17. Qd2 {[%emt 0:00:15]} Bg4 {[%emt 0:00:18]} 18. Rae1 {[%emt 0:00:20]} a5 {[%emt 0:00:17]} 19. Kh1 {[%emt 0:00:02]} b4 {[%emt 0:00:03]} 20. Qf4 {[%emt 0:00:08]} Bxf3 {[%emt 0:00:35]} 21. gxf3 {[%emt 0:00:01]} a4 {[%emt 0:00:02]} 22. Qe3 {[%emt 0:00:05]} b3 {[%emt 0:00:01]} 23. axb3 {[%emt 0:00:04]} axb3 {[%emt 0:00:02]} 24. Bb1 {[%emt 0:00:02]} Qh4 {[%emt 0:00:04]} 25. Qc3 {[%emt 0:00:08]} Nxf3 {[%emt 0:00:05]} 26. Qxf3 {[%emt 0:00:24]} Bxd4 {[%emt 0:00:03]} 27. Re2 {[%emt 0:00:01]} Be5 {[%emt 0:00:02]} 28. Ref2 {[%emt 0:00:11]} Ra6 {[%emt 0:00:06]} 29. Qe2 {[%emt 0:00:02]} Ra4 {[%emt 0:00:06]} 30. Rc1 {[%emt 0:00:02]} Ra1 {[%emt 0:00:16]} 31. Rff1 {[%emt 0:00:04]} Ra4 {[%emt 0:00:07]} 32. Rf3 {[%emt 0:00:06]} Kg7 {[%emt 0:00:02]} 33. Qg2 {[%emt 0:00:01]} f6 {[%emt 0:00:07]} 34. Rh3 {[%emt 0:00:03]} Qg5 {[%emt 0:00:01]} 35. Qf1 {[%emt 0:00:06]} Rc8 {[%emt 0:00:05]} 36. Qe2 {[%emt 0:00:02]} Qxc1+ 37. Kg2 Qxb2 {[%emt 0:00:03]} 0-1

[Event "RUS-chT Blitz Men 2018"]
[Site "Sochi"]
[Date "2018.10.10"]
[Round "10"]
[White "Borisova, Ekaterina"]
[Black "Chizhikov, Vladislav"]
[Result "0-1"]
[WhiteElo "2256"]
[BlackElo "2304"]
[Annotator "NA"]
[PlyCount "96"]
[EventDate "2018.10.10"]
[EventType "swiss"]
[EventCountry "RUS"]
[SourceTitle "playchess.com"]
[Source "ChessBase"]
[SourceQuality "1"]
[TimeControl "180+2"]

1. d4 {[%emt 0:00:00]} d5 {[%emt 0:00:00]} 2. Nf3 {[%emt 0:00:00]} c6 {[%emt 0:00:00]} 3. g3 {[%emt 0:00:01]} h6 {[%emt 0:00:02]} 4. Bg2 {[%emt 0:00:02]} Bf5 {[%emt 0:00:01]} 5. O-O {[%emt 0:00:01]} Nf6 {[%emt 0:00:01]} 6. c4 {[%emt 0:00:01]} e6 {[%emt 0:00:01]} 7. Nc3 {[%emt 0:00:01]} Nbd7 {[%emt 0:00:01]} 8. Nd2 {[%emt 0:00:00]} Be7 {[%emt 0:00:04]} 9. e4 {[%emt 0:00:01]} dxe4 {[%emt 0:00:01]} 10. Ndxe4 {[%emt 0:00:01]} Nxe4 {[%emt 0:00:02]} 11. Nxe4 {[%emt 0:00:00]} Nf6 {[%emt 0:00:03]} 12. Nc3 {[%emt 0:00:01]} O-O {[%emt 0:00:02]} 13. Be3 {[%emt 0:00:03]} Qa5 {[%emt 0:00:03]} 14. Qb3 {[%emt 0:00:11]} Qb4 {[%emt 0:00:07]} 15. Qxb4 {[%emt 0:00:22]} Bxb4 {[%emt 0:00:01]} 16. Rfc1 {[%emt 0:00:08]} Rfd8 {[%emt 0:00:05]} 17. a3 {[%emt 0:00:02]} Be7 {[%emt 0:00:06]} 18. b4 {[%emt 0:00:07]} Rd7 {[%emt 0:00:04]} 19. b5 {[%emt 0:00:09]} cxb5 {[%emt 0:00:02]} 20. Nxb5 {[%emt 0:00:06]} a6 {[%emt 0:00:10]} 21. Nc3 {[%emt 0:00:04]} Rc8 {[%emt 0:00:11]} 22. Na4 {[%emt 0:00:04]} Rdc7 {[%emt 0:00:02]} 23. Nb6 {[%emt 0:00:05]} Rd8 {[%emt 0:00:01]} 24. c5 {[%emt 0:00:11]} Be4 {[%emt 0:00:10]} 25. Bf4 {[%emt 0:00:17]} Rc6 {[%emt 0:00:01]} 26. f3 {[%emt 0:00:21]} Bg6 {[%emt 0:00:19]} 27. Be5 {[%emt 0:00:01]} Nd7 {[%emt 0:00:26]} 28. Nc4 {[%emt 0:00:28]} f6 {[%emt 0:00:15]} 29. Bd6 {[%emt 0:00:08]} Bxd6 {[%emt 0:00:08]} 30. Nxd6 {[%emt 0:00:00]} Rc7 {[%emt 0:00:13]} 31. f4 {[%emt 0:00:03]} Rb8 {[%emt 0:00:18]} 32. Kf2 {[%emt 0:00:39]} e5 {[%emt 0:00:01]} 33. Bd5+ {[%emt 0:00:02]} Kh7 {[%emt 0:00:01]} 34. f5 {[%emt 0:00:01]} Bh5 {[%emt 0:00:10]} 35. h3 {[%emt 0:00:10]} exd4 {[%emt 0:00:02]} 36. g4 {[%emt 0:00:00]} Be8 {[%emt 0:00:01]} 37. Ne4 {[%emt 0:00:13]} Ne5 {[%emt 0:00:03]} 38. Ke2 {[%emt 0:00:03]} Bb5+ {[%emt 0:00:01]} 39. Kd2 {[%emt 0:00:01]} Rd8 {[%emt 0:00:02]} 40. Be6 {[%emt 0:00:01]} d3 {[%emt 0:00:03]} 41. a4 {[%emt 0:00:02]} Bc6 {[%emt 0:00:01]} 42. Nc3 {[%emt 0:00:02]} Nf3+ {[%emt 0:00:02]} 43. Ke3 {[%emt 0:00:01]} d2 {[%emt 0:00:01]} 44. Rf1 {[%emt 0:00:00]} Ng5 {[%emt 0:00:07]} 45. h4 {[%emt 0:00:01]} Nxe6 {[%emt 0:00:01]} 46. fxe6 {[%emt 0:00:01]} Re7 {[%emt 0:00:00]} 47. Rad1 {[%emt 0:00:06]} Rxe6+ {[%emt 0:00:02]} 48. Kf4 {[%emt 0:00:01]} Rd4+ {[%emt 0:00:02]} 0-1

[Event "RUS-chT Blitz Men 2018"]
[Site "Sochi"]
[Date "2018.10.10"]
[Round "10"]
[White "Kostin, Alexey"]
[Black "Sharafiev, Azat"]
[Result "1/2-1/2"]
[WhiteElo "2253"]
[BlackElo "2432"]
[Annotator "TA"]
[PlyCount "81"]
[EventDate "2018.10.10"]
[EventType "swiss"]
[EventCountry "RUS"]
[SourceTitle "playchess.com"]
[Source "ChessBase"]
[SourceQuality "1"]

{[%evp 9,81,18,47,40,108,16,26,21,21,22,43,43,67,80,68,52,89,33,54,22,22,22,31,22,21,8,26,-21,13,11,8,10,16,0,0,0,0,0,0,0,0,0,0,-6,8,6,4,8,8,8,8,3,12,5,6,0,0,0,0,0,0,0,0,0,0,-171,32,0,0,0,0,0,0,-239]} 1. e4 Nc6 2. d4 d5 3. exd5 Qxd5 4. Be3 e5 5. c4 Qd8 {[%cal Re5d4]} (5... Qa5+ 6. Bd2 Bb4 7. d5 Nd4 8. Bd3 Nf6 9. a3 Bxd2+ 10. Nxd2 c6 11. dxc6 e4 12. Bf1 Bg4 13. Be2 {0-1 (26) Al Sulaiti,K (2106)-Bauer,C (2629) Batumi 2018}) 6. d5 {B01: Scandinavian Defence} Bb4+ (6... Nce7 $14) 7. Bd2 $146 (7. Nd2 $16 Bxd2+ 8. Qxd2) ({Predecessor:} 7. Nd2 Bxd2+ 8. Qxd2 Nce7 9. Qc3 f6 10. Nf3 Nf5 11. Be2 Nge7 12. O-O b6 13. h3 Nxe3 14. fxe3 {1-0 (36) Wolf,R (1754)-Jurgan,B (1238) Bergen 2011}) 7... Bxd2+ $1 $11 8. Qxd2 {White has an edge.} Nd4 9. Ne2 Nxe2 10. Bxe2 Ne7 {[%cal Bg8e7,Be7f5,Bf5d6][%mdl 32]} 11. O-O O-O 12. Nc3 Nf5 13. Bg4 ({White should play} 13. Bd3 $16) 13... b6 14. Rfe1 {Black should prevent Bxf5.} Nd6 15. Bxc8 Rxc8 16. b3 Re8 17. Ne4 h6 18. c5 Nxe4 (18... Nb5 {seems wilder.} 19. b4 Nd4 20. Nc3 Qe7 21. f4 f6) 19. Rxe4 bxc5 20. Rc4 c6 21. d6 {[#] Threatens to win with d7.} Re6 22. Rd1 Qb6 23. h3 Rd8 24. Qe3 f6 25. d7 Re7 26. Qd3 Qc7 27. Rxc5 {[#] And now Qc4+ would win.} Rexd7 28. Qc4+ Kh8 29. Rxd7 Qxd7 30. Rxc6 {[%mdl 4096] Endgame KQR-KQR} Qd1+ 31. Kh2 Qd2 $36 {[%mdl 2048] Black has good play.} 32. Rc8 (32. Qh4 {keeps more tension.} Rd4 33. Qg3 a5 34. Rc7 g5 35. Qf3) 32... Rxc8 33. Qxc8+ {KQ-KQ} Kh7 34. Qf5+ Kh8 35. a4 Qb4 36. Qc8+ Kh7 37. Qc4 $2 (37. Qf5+ $11 Kh8 38. Qc8+ Kh7 39. Qf5+ Kg8 40. Qc8+ Kf7 41. Qd7+ Qe7 42. Qc8) 37... Qb6 $2 (37... Qxc4 $19 38. bxc4 Kg8) 38. f3 a5 {The position is equal.} 39. Qd3+ Kh8 40. Qb5 Qc7 41. Qc4 $2 {Precision: White = 43%, Black = 54%.} (41. Kg3 $11 {and White is okay.}) 1/2-1/2